000 00892nam a2200241Ia 4500
003 OSt
005 20220923224334.0
006 a|||||r|||| 00| 0
007 ta
008 220922b |||||||| |||| 00| 0 hin d
024 _a231,412
037 _cTextual
040 _aARTS
_cARTS
_bhin
041 _2hin
_ahin
082 _aO152,1G70:g, 153N6
100 _aਬ੍ਰਹਮ ਜਗਜੀਤ ਸਿੰਘ; ਰਾਜਬੀਰ ਕੈਰ
_9167941
245 0 _aਪਰਮ ਸੰਤ ਨਾਮਦੇਵ * ਜੀਵਨ, ਦਰFਨ ਅਤੇ ਬਾਣੀ
260 _aਅਮ੍ਰਿਤਸਰ
_b ਵਾਰਿਸ Fਾਪ ਫਾਉਜ਼ਡੇFਨ
_c1996
300 _a144gz
_ccm.
650 _aਹਿੰਦੀ ਸਾਹਿਤ
942 _hO152,1G70:g, 153N6
_cTEXL
_2CC
999 _c370786
_d370786